[Event "Tournoi ouvert de Gatineau (Section OPEN)"]
[Site "Gatineau"]
[Date "2014.01.28"]
[Round "1"]
[White "Kellar, Ben"]
[Black "Gelblum, Robert"]
[Result "0-1"]
[BlackElo "2236"]
[WhiteElo "1956"]

1.c4 e5 2.Nc3 Nc6 3.g3 f5 4.Bg2 Nf6 5.d3 Bc5 6.Bg5 Bxf2+ 7.Kf1 Bc5 8.Nd5 Nxd5
9.Bxd8 Ne3+ 10.Ke1 Nxd1 0-1

[Event "Tournoi ouvert de Gatineau (Section OPEN)"]
[Site "Gatineau"]
[Date "2014.01.28"]
[Round "1"]
[White "Upper, John"]
[Black "Lebrun, Roger"]
[Result "1-0"]
[BlackElo "1939"]
[WhiteElo "2227"]

1.d4 Nf6 2.c4 e5 3.dxe5 Ng4 4.Bf4 Bb4+ 5.Nd2 Nc6 6.Nf3 Qe7 7.a3 Ngxe5 8.Nxe5
Nxe5 9.e3 Bxd2+ 10.Qxd2 O-O 11.Be2 d6 12.O-O Bf5 13.Rac1 b6 14.Rfd1 Rfe8
15.b4 Nd7 16.c5 bxc5 17.Bb5 Rab8 18.Bxd7 Qxd7 19.bxc5 Re6 20.Qa5 Qd8 21.cxd6
cxd6 22.Qxf5 1-0

[Event "Tournoi ouvert de Gatineau (Section OPEN)"]
[Site "Gatineau"]
[Date "2014.03.02"]
[Round "5"]
[White "Pilotte, Benoît"]
[Black "Lebrun, Roger"]
[Result "1/2-1/2"]
[BlackElo "1939"]
[WhiteElo "1812"]

1.g4 d5 2.Bg2 c6 3.h3 e5 4.d4 e4 5.c4 Bd6 6.Nc3 Ne7 7.Bd2 a6 8.a4 O-O 9.Qb3
dxc4 10.Qa2 Be6 11.Bxe4 f5 12.gxf5 Rxf5 13.Bxf5 Nxf5 14.Nf3 Nd7 15.e4 Nh4
16.Ng5 Qf6 17.Nxe6 Qxe6 18.O-O-O Nf3 19.Be3 c5 20.dxc5 Bxc5 21.Bxc5 Nxc5
22.Rd5 Nb3+ 23.Kd1 Qh6 24.Ke2 Rf8 25.Rhd1 Nc1+ 26.Rxc1 Qxc1 27.Nd1 Qc2+
28.Ke3 Qc1+ ( 28...Ng5 $19 $3 ) 29.Ke2 1/2-1/2